000 00350nam a22001337a 4500
020 _a978-0-07-015873-3
082 _a530
_bMAL/P
100 _aSTALIN MALHOTRA
245 _aQUESTION BANK SERIES PHYSICS
_bFOR CLASS XII
260 _aDELHI
_bMcGRAW HILL PUBLICATIONS
300 _a684
650 _aPHYSICS QUESTION BANK FOR CLASS XII
_zINDIA
942 _cBK
999 _c663
_d663